Slovenia: economic transformation and EU accession (Record no. 76535)

MARC details
000 -LEADER
fixed length control field 00838nam a2200193 a 4500
008 - FIXED-LENGTH DATA ELEMENTS--GENERAL INFORMATION
fixed length control field 071016s1999 ||||||||||||||||| || u
020 ## - INTERNATIONAL STANDARD BOOK NUMBER
International Standard Book Number 0821344498
050 ## - LIBRARY OF CONGRESS CALL NUMBER
Classification number IBRD(06)CS/1999/1
110 ## - MAIN ENTRY--CORPORATE NAME
Corporate name or jurisdiction name as entry element World Bank
245 10 - TITLE STATEMENT
Title Slovenia: economic transformation and EU accession
260 ## - PUBLICATION, DISTRIBUTION, ETC.
Place of publication, distribution, etc. Washington, D.C.
Name of publisher, distributor, etc. World Bank
Date of publication, distribution, etc. 1999
300 ## - PHYSICAL DESCRIPTION
Extent 2 vols.
350 ## -
-- 0.00
490 ## -
-- World Bank Country Study
500 ## - GENERAL NOTE
General note Volume I: Summary; volume II: main report
650 ## - SUBJECT ADDED ENTRY--TOPICAL TERM
Topical term or geographic name entry element SLOVENIA -- ECONOMIC POLICY
995 ## -
-- SPECIAL COLLECTIONS
-- 0.00
-- 027698
-- CBU-MAIN LIBRARY (Kitwe)
-- 1
-- 0.00
-- IBRD(06)CS/1999/1
-- 1
-- AVAILABLE
-- Oct 16, 2007
-- 027698
-- International Publications
995 ## -
-- SPECIAL COLLECTIONS
-- 0.00
-- 027697
-- CBU-MAIN LIBRARY (Kitwe)
-- 1
-- 0.00
-- IBRD(06)CS/1999/2
-- 2
-- AVAILABLE
-- Oct 19, 2007
-- 027697
-- International Publications
999 ## -
-- 76535
-- 76535
Holdings
Withdrawn status Lost status Source of classification or shelving scheme Damaged status Not for loan Permanent Location Current Location Shelving location Date acquired Total Checkouts Full call number Barcode Date last seen Copy number Price effective from Koha item type
          CBU-MAIN LIBRARY, KITWE. CBU-MAIN LIBRARY, KITWE.   04/25/2023   IBRD(06)CS/1999/1 027698 04/25/2023 1 04/25/2023 SPECIAL COLLECTION
          CBU-MAIN LIBRARY, KITWE. CBU-MAIN LIBRARY, KITWE.   04/25/2023   IBRD(06)CS/1999/1 027697 04/25/2023 2 04/25/2023 SPECIAL COLLECTION